01128nam a2200241 a 450000100100000000500170001000800410002704000250006808200180009310000310011124500880014226000380023030000360026850000340030460000310033865000600036965000610042965100470049091000370053795201730057495201220074799900170086900004609520201002052632.0150618s1993 dr ac 001 0 spa d aDO-SdBNPbspacBNPHU a920.72bB523L1 aBernardino, Minerva97416010aLucha, agonia y esperanza :btrayectoria triunfal de mi vida /cMinerva Bernardino. aSanto Domingo :bCorripio,c1993. a427 p. :bil., retrs. ;c23 cm. aIncluye índice onomástico14aBERNARDINO, MINERVA974161 4aFeministaszRepública DominicanavBIOGRAFÍAS974162 4aEmbajadoreszRepública DominicanavBIOGRAFÍAS974163 4aRepública DominicanavBIOGRAFÍAS91083 aValidado. Control de calidad MFF 0010718PDaPDbPDcHDd2015-06-18iLF1l0o920.72 B523Lp46095-10r2020-06-25w2020-06-25yLFPDzPerteneció a la bilbiteca personal de Carmen Herrera.ZNo se presta 0010718PDaPDbPDcHDd2019-06-25iLF1l0o920.72 B523Lp46095-20r2020-06-25te. 2w2020-06-25yLFPDZNo se presta c45584d45584